00365nam a22001337a 4500008004100000020001800041082001500059100001800074245003200092260004100124300001800165650003600183650001200219220823b ||||| |||| 00| 0 eng d a9789391019747 a158.1bSHA aSharma, Robin aThe everyday hero manifesto aMumbaibJaico publishing housec2021 aix, 384p.bpb aSelf-actualization (Psychology) aSuccess